000 00514nam a2200181Ia 4500
008 131103s9999 xx 000 0 und d
040 _aLoreto College
041 _aEnglish
082 _a510/HAL
_bLCBED/3553
100 _aHall, H.S.
245 _aElementary algebra for schools
_b containing a full treatment og graphs
_cH.S.Hall and S.R.Knight
260 _aLondon
_bMacmillan
_c1962
300 _a556p
_c 19cm.
650 _aMathematics
700 _aKnight,S.R.
850 _aLCBED/510/HAL
942 _cBK
999 _c28137
_d78616